[Event "Deutsche Ländermeisterschaft 2021"]
[Site "Neumünster GER"]
[Date "2021.10.02"]
[Round "2"]
[White "Trunz, Tamila"]
[Black "Sickmann, Lisa"]
[Result "0-1"]
[Termination "normal"]
[Board "4.8"]
[WhiteElo "1298"]
[BlackElo "1531"]
[WhiteClock "00:08:43"]
[BlackClock "01:22:58"]
[WhiteTeam "Nordrhein-Westfalen"]
[BlackTeam "Schleswig-Holstein"]
[PlyCount "115"]
[WhiteFideId "16267885"]
[BlackFideId "16267818"]
[EventCountry "GER"]
[EventRounds "7"]
[EventType "team-swiss"]
[EventDate "2021.10.01"]

1. e4 {[%clk 1:30:57]} e5 {[%clk 1:30:56]} 2. Nf3 {[%clk 1:31:19]} Nc6 {[%clk
1:31:21]} 3. Bb5 {[%clk 1:31:37]} a6 {[%clk 1:31:47]} 4. Ba4 {[%clk 1:31:59]}
b5 {[%clk 1:32:14]} 5. Bb3 {[%clk 1:32:15]} Nf6 {[%clk 1:32:37]} 6. d3 {[%clk
1:32:28]} Bb7 {[%clk 1:32:56]} 7. c3 {[%clk 1:30:36]} Be7 8. O-O {[%clk
1:30:09]} O-O {[%clk 1:33:00]} 9. Re1 {[%clk 1:28:42]} d6 {[%clk 1:33:16]} 10.
Nbd2 {[%clk 1:25:46]} Na5 {[%clk 1:33:27]} 11. Bc2 {[%clk 1:25:51]} c5 {[%clk
1:33:55]} 12. Nf1 {[%clk 1:23:11]} Rc8 {[%clk 1:33:30]} 13. Ng3 {[%clk
1:19:53]} Re8 {[%clk 1:32:34]} 14. Be3 {[%clk 1:15:04]} Bf8 {[%clk 1:31:26]}
15. Bc1 {[%clk 1:00:27]} Qc7 {[%clk 1:22:43]} 16. a3 {[%clk 0:52:25]} d5 {[%clk
1:22:31]} 17. Bg5 {[%clk 0:46:22]} Nd7 {[%clk 1:17:56]} 18. Re2 {[%clk
0:39:12]} h6 {[%clk 1:17:45]} 19. Bc1 {[%clk 0:35:42]} Nf6 {[%clk 1:16:01]} 20.
Qe1 {[%clk 0:31:55]} Bd6 {[%clk 1:13:10]} 21. Nf5 {[%clk 0:28:38]} c4 {[%clk
1:12:59]} 22. Nxd6 {[%clk 0:26:51]} Qxd6 {[%clk 1:13:03]} 23. exd5 {[%clk
0:25:41]} cxd3 {[%clk 1:12:59]} 24. Bxd3 {[%clk 0:24:56]} Qxd5 {[%clk 1:12:01]}
25. Bf5 {[%clk 0:24:37]} Rcd8 {[%clk 1:10:11]} 26. Rd2 {[%clk 0:22:06]} Qc6
{[%clk 1:10:15]} 27. Rxd8 {[%clk 0:18:51]} Rxd8 {[%clk 1:10:27]} 28. Be3 {[%clk
0:16:59]} Nc4 {[%clk 1:08:06]} 29. b3 {[%clk 0:12:20]} Nxe3 {[%clk 1:06:31]}
30. Qxe3 {[%clk 0:11:39]} e4 {[%clk 1:02:48]} 31. Nd4 {[%clk 0:09:54]} Qc5
{[%clk 1:00:20]} 32. Bh3 {[%clk 0:07:19]} Nd5 {[%clk 0:59:36]} 33. Qxe4 {[%clk
0:03:05]} Nxc3 {[%clk 0:59:22]} 34. Qxb7 {[%clk 0:02:53]} Qxd4 {[%clk 0:59:37]}
35. Rf1 {[%clk 0:02:16]} Qd1 {[%clk 0:55:37]} 36. g3 {[%clk 0:02:08]} Qxb3
{[%clk 0:54:54]} 37. Qxa6 {[%clk 0:01:46]} Ne2+ {[%clk 0:54:39]} 38. Kh1 {[%clk
0:01:09]} Nf4 {[%clk 0:53:04]} 39. Bg2 {[%clk 0:00:50]} Nxg2 {[%clk 0:52:19]}
40. Kxg2 {[%clk 0:01:18]} Qa4 {[%clk 0:51:15]} 41. Qxa4 {[%clk 0:29:30]} bxa4
{[%clk 1:21:41]} 42. Ra1 {[%clk 0:28:33]} Rd3 {[%clk 1:21:55]} 43. Ra2 {[%clk
0:27:51]} f5 {[%clk 1:22:16]} 44. f3 {[%clk 0:25:46]} Kf7 {[%clk 1:22:25]} 45.
Kf2 {[%clk 0:24:30]} Ke6 {[%clk 1:22:16]} 46. f4 {[%clk 0:22:42]} Kd5 {[%clk
1:22:02]} 47. Ke2 {[%clk 0:21:59]} Kc4 {[%clk 1:22:22]} 48. Rc2+ {[%clk
0:19:43]} Rc3 {[%clk 1:22:47]} 49. Rxc3+ {[%clk 0:17:02]} Kxc3 {[%clk 1:23:12]}
50. Ke3 {[%clk 0:16:23]} Kb3 {[%clk 1:23:31]} 51. Kd3 {[%clk 0:15:56]} Kxa3
{[%clk 1:22:41]} 52. Kc3 {[%clk 0:15:45]} g5 {[%clk 1:21:46]} 53. h3 {[%clk
0:14:21]} gxf4 {[%clk 1:21:20]} 54. gxf4 {[%clk 0:12:58]} Ka2 {[%clk 1:21:43]}
55. Kc2 {[%clk 0:10:34]} a3 {[%clk 1:22:06]} 56. Kc1 {[%clk 0:09:51]} Kb3
{[%clk 1:22:34]} 57. Kb1 {[%clk 0:09:35]} Kc3 {[%clk 1:22:58]} 58. Ka2 {[%clk
0:08:43]} 0-1

[Event "Deutsche Ländermeisterschaft 2021"]
[Site "Neumünster GER"]
[Date "2021.10.02"]
[Round "2"]
[White "Reuker, Jari"]
[Black "Roseneck, Jonas"]
[Result "1-0"]
[Termination "normal"]
[Board "5.1"]
[BlackTitle "FM"]
[WhiteElo "2404"]
[BlackElo "2403"]
[WhiteClock "00:16:23"]
[BlackClock "00:22:47"]
[WhiteTeam "SG Bremen / Niedersachsen"]
[BlackTeam "Sachsen-Anhalt"]
[PlyCount "85"]
[WhiteFideId "12909300"]
[BlackFideId "12939870"]
[EventCountry "GER"]
[EventRounds "7"]
[EventType "team-swiss"]
[EventDate "2021.10.01"]

1. e4 {[%clk 1:30:56]} c5 {[%clk 1:30:55]} 2. Nf3 {[%clk 1:31:10]} d6 {[%clk
1:31:21]} 3. d4 {[%clk 1:31:31]} cxd4 {[%clk 1:31:48]} 4. Nxd4 {[%clk 1:31:55]}
Nf6 {[%clk 1:32:15]} 5. Nc3 {[%clk 1:32:19]} a6 {[%clk 1:32:43]} 6. g3 {[%clk
1:32:42]} e5 {[%clk 1:32:28]} 7. Nde2 {[%clk 1:33:04]} Be7 {[%clk 1:32:18]} 8.
Bg2 {[%clk 1:33:29]} O-O {[%clk 1:31:09]} 9. O-O {[%clk 1:33:40]} b5 {[%clk
1:29:00]} 10. Nd5 {[%clk 1:33:23]} Nxd5 {[%clk 1:28:36]} 11. Qxd5 {[%clk
1:33:47]} Ra7 {[%clk 1:29:01]} 12. Be3 {[%clk 1:34:08]} Be6 {[%clk 1:27:57]}
13. Qd2 {[%clk 1:32:12]} Ra8 {[%clk 1:26:50]} 14. Nc3 {[%clk 1:32:16]} Nd7
{[%clk 1:18:41]} 15. Nd5 {[%clk 1:29:50]} Bxd5 {[%clk 1:19:05]} 16. Qxd5 {[%clk
1:30:13]} Qc7 {[%clk 1:19:21]} 17. Rfc1 {[%clk 1:29:16]} Nf6 {[%clk 1:10:51]}
18. Qd3 {[%clk 1:26:48]} Rfc8 {[%clk 1:05:52]} 19. b3 {[%clk 1:10:18]} Qb7
{[%clk 0:51:13]} 20. Bf3 {[%clk 1:01:25]} Rc6 {[%clk 0:47:35]} 21. Kg2 {[%clk
0:58:33]} Rac8 {[%clk 0:42:23]} 22. Bd2 {[%clk 0:55:48]} Bd8 {[%clk 0:39:45]}
23. a4 {[%clk 0:51:22]} b4 {[%clk 0:34:05]} 24. a5 {[%clk 0:47:36]} Rc5 {[%clk
0:14:38]} 25. Ra4 {[%clk 0:27:41]} Bxa5 {[%clk 0:06:46]} 26. Rca1 {[%clk
0:15:07]} Bb6 {[%clk 0:03:23]} 27. Rxb4 {[%clk 0:14:32]} a5 {[%clk 0:03:19]}
28. Rb5 {[%clk 0:10:33]} Qc6 {[%clk 0:00:37]} 29. c4 {[%clk 0:06:42]} Rxb5
{[%clk 0:00:48]} 30. cxb5 {[%clk 0:07:08]} Qb7 {[%clk 0:00:33]} 31. Bxa5 {[%clk
0:05:13]} Bd4 {[%clk 0:01:02]} 32. Ra4 {[%clk 0:05:08]} Nd7 {[%clk 0:00:32]}
33. Bg4 {[%clk 0:03:14]} Rb8 {[%clk 0:00:31]} 34. Bxd7 {[%clk 0:01:20]} Qxd7
35. Rc4 {[%clk 0:00:54]} h6 {[%clk 0:01:07]} 36. Rc6 {[%clk 0:01:06]} Rb7
{[%clk 0:00:31]} 37. Qc4 {[%clk 0:00:43]} d5 {[%clk 0:00:32]} 38. Qxd5 {[%clk
0:00:33]} Qxd5 {[%clk 0:00:31]} 39. exd5 {[%clk 0:00:58]} Rxb5 {[%clk 0:00:35]}
40. d6 {[%clk 0:00:57]} Rd5 {[%clk 0:00:49]} 41. g4 {[%clk 0:20:03]} e4 {[%clk
0:27:48]} 42. b4 {[%clk 0:17:02]} Be5 {[%clk 0:22:47]} 43. Rc5 {[%clk 0:16:23]}
1-0

[Event "Deutsche Ländermeisterschaft 2021"]
[Site "Neumünster GER"]
[Date "2021.10.02"]
[Round "2"]
[White "Post, Hugo"]
[Black "Wachinger, Nikolas"]
[Result "0-1"]
[Termination "normal"]
[Board "5.2"]
[WhiteElo "2188"]
[BlackElo "2361"]
[WhiteClock "00:02:11"]
[BlackClock "00:24:59"]
[WhiteTeam "Sachsen-Anhalt"]
[BlackTeam "SG Bremen / Niedersachsen"]
[PlyCount "66"]
[WhiteFideId "12962490"]
[BlackFideId "12962791"]
[EventCountry "GER"]
[EventRounds "7"]
[EventType "team-swiss"]
[EventDate "2021.10.01"]

1. e4 {[%clk 1:30:57]} c5 {[%clk 1:30:50]} 2. Nf3 {[%clk 1:31:24]} d6 {[%clk
1:31:12]} 3. d4 {[%clk 1:31:52]} cxd4 {[%clk 1:31:34]} 4. Nxd4 {[%clk 1:32:19]}
Nf6 {[%clk 1:31:53]} 5. Nc3 {[%clk 1:32:45]} a6 {[%clk 1:32:17]} 6. h3 {[%clk
1:33:10]} e5 {[%clk 1:32:31]} 7. Nb3 {[%clk 1:33:20]} Be7 {[%clk 1:32:35]} 8.
Be3 {[%clk 1:33:02]} h6 {[%clk 1:32:08]} 9. f4 {[%clk 1:25:34]} Nbd7 {[%clk
1:32:03]} 10. Qf3 {[%clk 1:04:47]} Qc7 {[%clk 1:22:27]} 11. O-O-O {[%clk
1:01:37]} b5 {[%clk 1:21:11]} 12. g4 {[%clk 0:58:31]} b4 {[%clk 1:16:18]} 13.
Nd5 {[%clk 0:54:24]} Nxd5 {[%clk 1:16:40]} 14. exd5 {[%clk 0:54:04]} a5 {[%clk
1:12:38]} 15. fxe5 {[%clk 0:46:49]} Nxe5 {[%clk 1:09:55]} 16. Qe4 {[%clk
0:47:05]} O-O {[%clk 1:08:12]} 17. Nd4 {[%clk 0:46:14]} a4 {[%clk 0:59:37]} 18.
Rh2 {[%clk 0:34:39]} a3 {[%clk 0:46:42]} 19. b3 {[%clk 0:33:11]} Qc3 {[%clk
0:47:00]} 20. Nc6 {[%clk 0:21:57]} Qb2+ {[%clk 0:39:17]} 21. Kd2 {[%clk
0:22:26]} Qc3+ {[%clk 0:39:23]} 22. Kc1 {[%clk 0:22:39]} Bg5 {[%clk 0:31:19]}
23. Bxg5 {[%clk 0:23:00]} Nf3 {[%clk 0:31:41]} 24. Qxf3 {[%clk 0:19:45]} Qxf3
{[%clk 0:32:00]} 25. Bd2 {[%clk 0:17:13]} Bd7 {[%clk 0:28:30]} 26. Nxb4 {[%clk
0:14:43]} Rfc8 {[%clk 0:26:42]} 27. Bd3 {[%clk 0:08:15]} Qf6 {[%clk 0:26:23]}
28. c3 {[%clk 0:07:54]} Rxc3+ {[%clk 0:26:21]} 29. Bxc3 {[%clk 0:08:20]} Qxc3+
{[%clk 0:26:43]} 30. Nc2 {[%clk 0:08:19]} Rc8 {[%clk 0:24:56]} 31. Bc4 {[%clk
0:07:03]} Bb5 {[%clk 0:24:30]} 32. Rd4 {[%clk 0:02:48]} Bxc4 {[%clk 0:24:37]}
33. bxc4 {[%clk 0:02:11]} Rb8 {[%clk 0:24:59]} 0-1

[Event "Deutsche Ländermeisterschaft 2021"]
[Site "Neumünster GER"]
[Date "2021.10.02"]
[Round "2"]
[White "Colbow, Collin"]
[Black "Haubold, Sebastian Marcel"]
[Result "1-0"]
[Termination "normal"]
[Board "5.3"]
[WhiteTitle "FM"]
[WhiteElo "2329"]
[BlackElo "1884"]
[WhiteClock "00:25:00"]
[BlackClock "00:19:33"]
[WhiteTeam "SG Bremen / Niedersachsen"]
[BlackTeam "Sachsen-Anhalt"]
[PlyCount "63"]
[WhiteFideId "16201132"]
[BlackFideId "16259637"]
[EventCountry "GER"]
[EventRounds "7"]
[EventType "team-swiss"]
[EventDate "2021.10.01"]

1. Nf3 {[%clk 1:30:52]} Nf6 {[%clk 1:29:55]} 2. g3 {[%clk 1:31:14]} g6 {[%clk
1:27:34]} 3. Bg2 {[%clk 1:31:39]} Bg7 {[%clk 1:27:31]} 4. b3 {[%clk 1:32:04]}
O-O {[%clk 1:23:51]} 5. Bb2 {[%clk 1:31:54]} d5 {[%clk 1:18:08]} 6. c4 {[%clk
1:31:57]} c5 {[%clk 1:08:17]} 7. cxd5 {[%clk 1:29:30]} Nxd5 {[%clk 1:08:03]} 8.
Bxg7 {[%clk 1:29:09]} Kxg7 {[%clk 1:08:25]} 9. Qc1 {[%clk 1:28:11]} b6 {[%clk
0:53:46]} 10. d4 {[%clk 1:15:02]} cxd4 {[%clk 0:47:56]} 11. Nxd4 {[%clk
1:15:02]} Bb7 {[%clk 0:47:57]} 12. O-O {[%clk 1:12:39]} e5 {[%clk 0:42:24]} 13.
Nb5 {[%clk 1:06:12]} a6 {[%clk 0:39:48]} 14. Rd1 {[%clk 0:59:48]} axb5 {[%clk
0:32:45]} 15. Bxd5 {[%clk 0:59:48]} Qe7 {[%clk 0:27:33]} 16. Bxb7 {[%clk
0:37:41]} Qxb7 {[%clk 0:27:55]} 17. Nc3 {[%clk 0:31:57]} b4 {[%clk 0:24:08]}
18. Nd5 {[%clk 0:28:39]} Nc6 {[%clk 0:24:21]} 19. Qe3 {[%clk 0:28:25]} Ra6
{[%clk 0:23:04]} 20. Qf3 {[%clk 0:26:32]} Rb8 {[%clk 0:18:02]} 21. Qf6+ {[%clk
0:25:57]} Kg8 {[%clk 0:18:26]} 22. Qxc6 {[%clk 0:26:13]} Qxc6 {[%clk 0:18:25]}
23. Ne7+ {[%clk 0:26:39]} Kg7 {[%clk 0:18:48]} 24. Nxc6 {[%clk 0:27:05]} Rc8
{[%clk 0:18:34]} 25. Nxb4 {[%clk 0:27:32]} Ra7 {[%clk 0:18:29]} 26. Rac1 {[%clk
0:27:53]} Rxc1 {[%clk 0:18:14]} 27. Rxc1 {[%clk 0:28:20]} Rd7 {[%clk 0:18:34]}
28. Rc6 {[%clk 0:28:17]} Rd2 {[%clk 0:18:42]} 29. Rxb6 {[%clk 0:28:41]} Rxe2
{[%clk 0:19:03]} 30. a4 {[%clk 0:29:06]} Rb2 {[%clk 0:19:27]} 31. Nd5 {[%clk
0:29:09]} Rb1+ {[%clk 0:19:33]} 32. Kg2 {[%clk 0:25:00]} 1-0

[Event "Deutsche Ländermeisterschaft 2021"]
[Site "Neumünster GER"]
[Date "2021.10.02"]
[Round "2"]
[White "Dietz, Kristin"]
[Black "Schulze, Lara"]
[Result "0-1"]
[Termination "normal"]
[Board "5.4"]
[BlackTitle "FM"]
[WhiteElo "1924"]
[BlackElo "2252"]
[WhiteClock "00:44:49"]
[BlackClock "00:10:59"]
[WhiteTeam "Sachsen-Anhalt"]
[BlackTeam "SG Bremen / Niedersachsen"]
[PlyCount "88"]
[WhiteFideId "12993743"]
[BlackFideId "12956830"]
[EventCountry "GER"]
[EventRounds "7"]
[EventType "team-swiss"]
[EventDate "2021.10.01"]

1. e4 {[%clk 1:30:57]} e5 {[%clk 1:30:57]} 2. Nf3 {[%clk 1:31:22]} Nc6 {[%clk
1:31:17]} 3. Bb5 {[%clk 1:31:46]} a6 {[%clk 1:31:39]} 4. Ba4 {[%clk 1:32:12]}
Nf6 {[%clk 1:32:01]} 5. O-O {[%clk 1:32:34]} Bc5 {[%clk 1:32:22]} 6. c3 {[%clk
1:32:35]} b5 {[%clk 1:32:16]} 7. Bb3 {[%clk 1:32:56]} d6 {[%clk 1:32:29]} 8. a4
{[%clk 1:33:17]} Bg4 {[%clk 1:32:25]} 9. d3 {[%clk 1:31:56]} O-O {[%clk
1:30:56]} 10. Be3 {[%clk 1:30:57]} Rb8 {[%clk 1:25:00]} 11. Nbd2 {[%clk
1:28:42]} Bxe3 {[%clk 1:16:11]} 12. fxe3 {[%clk 1:29:03]} d5 {[%clk 1:15:06]}
13. exd5 {[%clk 1:26:59]} Nxd5 {[%clk 1:13:29]} 14. Qe1 {[%clk 1:20:43]} Nf6
{[%clk 1:07:03]} 15. axb5 {[%clk 1:19:22]} axb5 {[%clk 1:07:06]} 16. Ra6 {[%clk
1:17:53]} Rb6 {[%clk 0:59:10]} 17. Rxb6 {[%clk 1:17:49]} cxb6 {[%clk 0:59:38]}
18. d4 {[%clk 1:16:10]} Qe7 {[%clk 0:56:05]} 19. d5 {[%clk 1:07:46]} Na5 {[%clk
0:54:16]} 20. e4 {[%clk 1:05:25]} Qc5+ {[%clk 0:49:57]} 21. Kh1 {[%clk
1:05:33]} b4 {[%clk 0:45:22]} 22. Nxe5 {[%clk 1:02:30]} bxc3 {[%clk 0:45:32]}
23. bxc3 {[%clk 1:02:46]} Qxc3 {[%clk 0:45:35]} 24. Nxg4 {[%clk 1:03:06]} Nxg4
{[%clk 0:45:56]} 25. Bd1 {[%clk 1:00:24]} Ne3 {[%clk 0:35:00]} 26. Nb3 {[%clk
0:53:42]} Qd3 {[%clk 0:28:41]} 27. Rf3 {[%clk 0:53:27]} Qxd1 {[%clk 0:27:26]}
28. Rxe3 {[%clk 0:51:10]} Qxe1+ {[%clk 0:27:47]} 29. Rxe1 {[%clk 0:51:36]} Nxb3
{[%clk 0:28:11]} 30. Kg1 {[%clk 0:50:43]} Rc8 {[%clk 0:25:00]} 31. d6 {[%clk
0:49:15]} Kf8 {[%clk 0:22:33]} 32. Kf2 {[%clk 0:49:08]} Rc2+ {[%clk 0:17:33]}
33. Kg3 {[%clk 0:48:54]} f6 {[%clk 0:12:53]} 34. e5 {[%clk 0:46:19]} fxe5
{[%clk 0:13:04]} 35. Rxe5 {[%clk 0:46:43]} Nc5 {[%clk 0:13:05]} 36. Rd5 {[%clk
0:45:49]} Nd7 {[%clk 0:12:42]} 37. Kf3 {[%clk 0:45:30]} Kf7 {[%clk 0:12:42]}
38. Rd4 {[%clk 0:45:10]} Ke6 {[%clk 0:12:19]} 39. Rh4 {[%clk 0:44:32]} h6
{[%clk 0:12:27]} 40. Kg3 {[%clk 0:44:21]} Kxd6 {[%clk 0:11:27]} 41. Rg4 {[%clk
0:44:27]} g5 {[%clk 0:11:32]} 42. Rd4+ {[%clk 0:44:41]} Ke6 {[%clk 0:11:18]}
43. Re4+ {[%clk 0:44:27]} Kf5 {[%clk 0:10:45]} 44. Re7 {[%clk 0:44:49]} Nf6
{[%clk 0:10:59]} 0-1

[Event "Deutsche Ländermeisterschaft 2021"]
[Site "Neumünster GER"]
[Date "2021.10.02"]
[Round "2"]
[White "Voigt, Anastasia"]
[Black "Pfeffer, Samuel"]
[Result "1-0"]
[Termination "normal"]
[Board "5.6"]
[WhiteElo "1756"]
[BlackElo "1497"]
[WhiteClock "00:30:21"]
[BlackClock "00:00:34"]
[WhiteTeam "Sachsen-Anhalt"]
[BlackTeam "SG Bremen / Niedersachsen"]
[PlyCount "59"]
[WhiteFideId "16235223"]
[BlackFideId "16249160"]
[EventCountry "GER"]
[EventRounds "7"]
[EventType "team-swiss"]
[EventDate "2021.10.01"]

1. e4 {[%clk 1:30:58]} e5 {[%clk 1:30:44]} 2. Nf3 {[%clk 1:31:24]} Nc6 {[%clk
1:30:58]} 3. Bc4 {[%clk 1:31:50]} Nf6 {[%clk 1:30:52]} 4. d3 {[%clk 1:32:10]}
Bc5 {[%clk 1:30:24]} 5. c3 {[%clk 1:32:30]} d6 {[%clk 1:30:00]} 6. Nbd2 {[%clk
1:32:42]} a6 {[%clk 1:29:48]} 7. Bb3 {[%clk 1:32:47]} b5 {[%clk 1:28:54]} 8.
Nf1 {[%clk 1:30:04]} Bb6 {[%clk 1:26:21]} 9. Ng3 {[%clk 1:28:12]} Ne7 {[%clk
1:23:50]} 10. Be3 {[%clk 1:27:55]} c5 {[%clk 1:22:38]} 11. h3 {[%clk 1:24:20]}
h6 {[%clk 1:15:56]} 12. d4 {[%clk 1:22:49]} Qc7 {[%clk 1:13:23]} 13. O-O {[%clk
1:20:54]} Bb7 {[%clk 1:11:54]} 14. Bc2 {[%clk 1:20:30]} O-O {[%clk 1:08:43]}
15. Qd2 {[%clk 1:18:16]} Rad8 {[%clk 1:07:11]} 16. d5 {[%clk 1:15:22]} c4
{[%clk 1:01:03]} 17. Rac1 {[%clk 1:13:43]} Bc8 {[%clk 0:59:44]} 18. b3 {[%clk
1:12:32]} Ng6 {[%clk 0:48:10]} 19. a4 {[%clk 1:08:50]} Bd7 {[%clk 0:41:53]} 20.
Ra1 {[%clk 1:07:37]} Rc8 {[%clk 0:41:36]} 21. b4 {[%clk 1:06:17]} Bxe3 {[%clk
0:40:06]} 22. Qxe3 {[%clk 1:05:55]} Nf4 {[%clk 0:40:20]} 23. axb5 {[%clk
1:05:04]} Bxh3 {[%clk 0:35:03]} 24. Ne1 {[%clk 0:45:31]} Ng4 {[%clk 0:26:12]}
25. Qf3 {[%clk 0:43:39]} Qd8 {[%clk 0:23:08]} 26. Ne2 {[%clk 0:31:13]} Nxe2+
{[%clk 0:13:11]} 27. Qxe2 {[%clk 0:31:22]} Qg5 {[%clk 0:07:48]} 28. Qf3 {[%clk
0:30:17]} Ne3 {[%clk 0:00:48]} 29. Qxe3 {[%clk 0:29:59]} Bd7 {[%clk 0:00:34]}
30. Qxg5 {[%clk 0:30:21]} 1-0

[Event "Deutsche Ländermeisterschaft 2021"]
[Site "Neumünster GER"]
[Date "2021.10.02"]
[Round "2"]
[White "Evering, Enna"]
[Black "Polzin, Gustav"]
[Result "0-1"]
[Termination "normal"]
[Board "5.7"]
[WhiteElo "1568"]
[BlackElo "1536"]
[WhiteClock "00:00:37"]
[BlackClock "00:20:28"]
[WhiteTeam "SG Bremen / Niedersachsen"]
[BlackTeam "Sachsen-Anhalt"]
[PlyCount "62"]
[WhiteFideId "16218213"]
[BlackFideId "34603280"]
[EventCountry "GER"]
[EventRounds "7"]
[EventType "team-swiss"]
[EventDate "2021.10.01"]

1. e4 {[%clk 1:30:56]} c5 {[%clk 1:30:51]} 2. Nf3 {[%clk 1:31:17]} e6 {[%clk
1:31:11]} 3. d4 {[%clk 1:31:38]} cxd4 {[%clk 1:31:27]} 4. Nxd4 {[%clk 1:31:41]}
a6 {[%clk 1:31:12]} 5. Nc3 {[%clk 1:31:34]} Qc7 {[%clk 1:31:01]} 6. Bd3 {[%clk
1:28:55]} Nf6 {[%clk 1:30:07]} 7. O-O {[%clk 1:27:26]} Be7 {[%clk 1:28:03]} 8.
Be3 {[%clk 1:25:06]} O-O {[%clk 1:24:19]} 9. f4 {[%clk 1:19:11]} d6 {[%clk
1:22:55]} 10. Nb3 {[%clk 1:12:27]} b5 {[%clk 1:20:15]} 11. a3 {[%clk 1:09:06]}
Bb7 {[%clk 1:19:45]} 12. Qf3 {[%clk 1:07:50]} Nbd7 {[%clk 1:17:42]} 13. Qg3
{[%clk 1:02:18]} d5 {[%clk 1:15:58]} 14. e5 {[%clk 0:49:00]} Ne4 {[%clk
1:12:39]} 15. Bxe4 {[%clk 0:48:35]} dxe4 {[%clk 1:12:59]} 16. Rae1 {[%clk
0:40:48]} b4 {[%clk 1:09:21]} 17. axb4 {[%clk 0:38:42]} Bxb4 {[%clk 1:09:30]}
18. Bd4 {[%clk 0:35:01]} Rfd8 {[%clk 1:05:44]} 19. f5 {[%clk 0:33:01]} Nc5
{[%clk 1:02:58]} 20. Bxc5 {[%clk 0:22:06]} Bxc5+ {[%clk 1:02:00]} 21. Nxc5
{[%clk 0:21:53]} Qxc5+ {[%clk 0:58:48]} 22. Kh1 {[%clk 0:21:16]} exf5 {[%clk
0:54:24]} 23. Rxf5 {[%clk 0:19:55]} Rd2 {[%clk 0:52:03]} 24. Ref1 {[%clk
0:13:34]} e3 {[%clk 0:51:27]} 25. e6 {[%clk 0:06:19]} Qc6 {[%clk 0:40:48]} 26.
exf7+ {[%clk 0:02:39]} Kf8 {[%clk 0:41:04]} 27. Rg5 {[%clk 0:00:32]} Qc4 {[%clk
0:31:53]} 28. Re1 {[%clk 0:00:33]} Bxg2+ {[%clk 0:29:55]} 29. Kg1 Bc6 {[%clk
0:20:02]} 30. Qxe3 {[%clk 0:00:36]} Qd4 {[%clk 0:20:13]} 31. Qxd4 {[%clk
0:00:37]} Rxd4 {[%clk 0:20:28]} 0-1

[Event "Deutsche Ländermeisterschaft 2021"]
[Site "Neumünster GER"]
[Date "2021.10.02"]
[Round "2"]
[White "Holinka, Henning"]
[Black "Fromm, Marius"]
[Result "0-1"]
[Termination "normal"]
[Board "6.1"]
[BlackTitle "FM"]
[WhiteElo "2244"]
[BlackElo "2342"]
[WhiteClock "00:00:33"]
[BlackClock "00:09:52"]
[WhiteTeam "Hamburg"]
[BlackTeam "Mecklenburg-Vorpommern"]
[PlyCount "74"]
[WhiteFideId "12967084"]
[BlackFideId "12993190"]
[EventCountry "GER"]
[EventRounds "7"]
[EventType "team-swiss"]
[EventDate "2021.10.01"]

1. e4 {[%clk 1:30:57]} c5 {[%clk 1:30:56]} 2. c4 {[%clk 1:31:18]} Nc6 {[%clk
1:30:46]} 3. Nc3 {[%clk 1:31:30]} g6 {[%clk 1:30:18]} 4. g3 {[%clk 1:31:30]}
Bg7 {[%clk 1:30:40]} 5. Bg2 {[%clk 1:31:56]} Nf6 {[%clk 1:28:07]} 6. Nge2
{[%clk 1:31:31]} O-O {[%clk 1:28:20]} 7. O-O {[%clk 1:31:54]} d6 {[%clk
1:28:41]} 8. d3 {[%clk 1:28:26]} Bg4 {[%clk 1:27:29]} 9. h3 {[%clk 1:27:09]}
Bxe2 {[%clk 1:27:52]} 10. Nxe2 {[%clk 1:27:18]} Rb8 {[%clk 1:27:05]} 11. f4
{[%clk 1:26:57]} Nd7 {[%clk 1:20:50]} 12. Rb1 {[%clk 1:20:12]} Nd4 {[%clk
1:07:13]} 13. Nxd4 {[%clk 1:10:28]} Bxd4+ {[%clk 1:07:38]} 14. Kh2 {[%clk
1:10:42]} b5 15. Qe2 {[%clk 1:07:44]} bxc4 {[%clk 0:56:44]} 16. dxc4 {[%clk
1:07:59]} Nb6 {[%clk 0:55:39]} 17. f5 {[%clk 1:04:15]} Nd7 {[%clk 0:44:58]} 18.
h4 {[%clk 1:02:56]} e6 {[%clk 0:32:27]} 19. Bh6 {[%clk 0:55:00]} Bg7 {[%clk
0:32:11]} 20. Bg5 {[%clk 0:47:06]} Bf6 {[%clk 0:31:33]} 21. Bf4 {[%clk
0:45:39]} Qe7 {[%clk 0:28:13]} 22. fxe6 {[%clk 0:43:47]} fxe6 {[%clk 0:27:38]}
23. Bh3 {[%clk 0:42:59]} Ne5 {[%clk 0:25:52]} 24. b3 {[%clk 0:42:01]} a5 {[%clk
0:24:25]} 25. h5 {[%clk 0:29:24]} Kg7 {[%clk 0:18:07]} 26. Bxe5 {[%clk
0:20:07]} Bxe5 {[%clk 0:18:16]} 27. Qg4 {[%clk 0:19:22]} Rbe8 {[%clk 0:15:05]}
28. hxg6 {[%clk 0:13:49]} hxg6 {[%clk 0:15:27]} 29. Kg2 {[%clk 0:13:38]} Qb7
{[%clk 0:14:20]} 30. Rbe1 {[%clk 0:11:59]} Qb4 {[%clk 0:13:28]} 31. Qg5 {[%clk
0:04:22]} Qc3 {[%clk 0:10:34]} 32. Rxf8 {[%clk 0:03:05]} Rxf8 {[%clk 0:11:03]}
33. Bxe6 {[%clk 0:02:18]} Rf6 {[%clk 0:10:21]} 34. Rh1 {[%clk 0:00:36]} Qc2+
{[%clk 0:10:01]} 35. Kh3 {[%clk 0:00:54]} Rxe6 {[%clk 0:09:48]} 36. Qd8 {[%clk
0:00:43]} Rf6 {[%clk 0:09:46]} 37. Qa8 {[%clk 0:00:33]} Qf2 {[%clk 0:09:52]}
0-1